| 000 -LEADER |
| fixed length control field |
00309nam a2200133Ia 4500 |
| 008 - FIXED-LENGTH DATA ELEMENTS--GENERAL INFORMATION |
| fixed length control field |
200615s9999||||xx |||||||||||||| ||und|| |
| 020 ## - INTERNATIONAL STANDARD BOOK NUMBER |
| International Standard Book Number |
9788177586541 |
| 082 ## - DEWEY DECIMAL CLASSIFICATION NUMBER |
| Classification number |
650 |
| Item number |
BUS-J |
| 100 ## - MAIN ENTRY--PERSONAL NAME |
| Personal name |
J.K. SHARMA, |
| 245 #0 - TITLE STATEMENT |
| Title |
BUSINESS STATISTICS |
| 250 ## - EDITION STATEMENT |
| Edition statement |
2ND |
| 260 ## - PUBLICATION, DISTRIBUTION, ETC. |
| Name of publisher, distributor, etc. |
PEARSON EDUCATION |
| Date of publication, distribution, etc. |
2007 |
| 942 ## - ADDED ENTRY ELEMENTS (KOHA) |
| Koha item type |
Book |